000 00396cam a22001097a 4500
008 180718b1958 xxu||||| |||| 00| 0 eng d
082 _aZ23x42 Un3
245 _aRoyal of the committee on grassland utilisation
_cby State for the Home Department, United Kingdom
260 _aLondon
_bHer Majesty's Stationery Office
_c1958
300 _a124+p.
700 _aUnited Kingdom.State for the Home Department
999 _c427242
_d427242